Rational soil management in the humid tropics (Record no. 45946)

MARC details
000 -LEADER
fixed length control field 00327nam a2200109Ia 4500
100 ## - MAIN ENTRY--AUTHOR NAME
Personal name Van Ranst E
245 #0 - TITLE STATEMENT
Title Rational soil management in the humid tropics
260 ## - PUBLICATION, DISTRIBUTION, ETC. (IMPRINT)
Name of publisher Bulletin des Seances, Academie Royale des Sciences d' Outer-Mer
Year of publication 1995
300 ## - PHYSICAL DESCRIPTION
Number of Pages 209-233
942 ## - ADDED ENTRY ELEMENTS (KOHA)
Koha item type Reprints
Holdings
Withdrawn status Lost status Damaged status Not for loan Home library Current library Date acquired Serial Enumeration / chronology Koha item type
      Reprints RRII Library RRII Library 22/12/2021 Volume 40, Issue 2 Reprints